|
|
|
|
| LEADER |
00000nam a2200000 i 4500 |
| 001 |
ELB135949 |
| 003 |
FINmELB |
| 005 |
20200820162738.0 |
| 006 |
m o u |
| 007 |
cr cn||||||||| |
| 008 |
110413s2005 enk ob 001 0 eng d |
| 020 |
|
|
|a 9781317489115
|q (e-book)
|
| 035 |
|
|
|a (OCoLC)715185698
|
| 040 |
|
|
|a FINmELB
|b eng
|e rda
|c FINmELB
|
| 050 |
|
4 |
|a B3258.H324
|b E34 2005
|
| 100 |
1 |
|
|a Edgar, Andrew.
|
| 245 |
1 |
4 |
|a The philosophy of Habermas /
|c Andrew Edgar.
|
| 264 |
|
1 |
|a Chesham [U.K.] :
|b Acumen,
|c 2005.
|
| 300 |
|
|
|a 1 online resource (xii, 292 pages)
|
| 336 |
|
|
|a text
|b txt
|2 rdacontent
|
| 337 |
|
|
|a computer
|b c
|2 rdamedia
|
| 338 |
|
|
|a online resource
|b cr
|2 rdacarrier
|
| 490 |
1 |
|
|a Continental European philosophy
|
| 504 |
|
|
|a Includes bibliographical references and index.
|
| 588 |
|
|
|a Description based on metadata supplied by the publisher and other sources.
|
| 590 |
|
|
|a Electronic reproduction. Santa Fe, Arg.: elibro, 2020. Available via World Wide Web. Access may be limited to eLibro affiliated libraries.
|
| 600 |
1 |
0 |
|a Habermas, Jürgen
|x Criticism and interpretation.
|
| 655 |
|
4 |
|a Electronic books.
|
| 797 |
2 |
|
|a elibro, Corp.
|
| 830 |
|
0 |
|a Continental European philosophy.
|
| 856 |
4 |
0 |
|u https://elibro.uam.elogim.com/ereader/bidiuam/135949
|z Texto completo
|
| 950 |
|
|
|a eLibro English
|